Sports Quiz

Random Sports or NBA Quiz

Best NBA Teams That Did Not Win It All Quiz Stats

 Plays Quiz not verified by Sporcle

Challenge
Share
Tweet
Embed
Score 0/41 Timer 15:00
0 Plays Today
Season Team % Correct
2006-2007Dallas Mavericks
82.2%
2008-2009Cleveland Cavaliers
73.1%
1972-1973Boston Celtics
66.9%
2009-2010Cleveland Cavaliers
51.7%
2005-2006Detroit Pistons
50.4%
2005-2006San Antonio Spurs
47.1%
1996-1997Utah Jazz
46.7%
2008-2009Boston Celtics
46.7%
1995-1996Seattle SuperSonics (Oklahoma City Thunder)
43%
1989-1990Los Angeles Lakers
41.7%
1997-1998Utah Jazz
40.1%
1984-1985Boston Celtics
39.3%
1985-1986Los Angeles Lakers
38.8%
2006-2007Phoenix Suns
38.4%
1990-1991Portland Trail Blazers
38%
1981-1982Boston Celtics
38%
2001-2002Sacramento Kings
37.2%
1992-1993Phoenix Suns
36.8%
2004-2005Phoenix Suns
36.4%
1997-1998Seattle SuperSonics (Oklahoma City Thunder) / Los Angeles Lakers
35.1%
1993-1994Seattle SuperSonics (Oklahoma City Thunder)
34.7%
Season Team % Correct
1980-1981Philadelphia 76ers
33.9%
1994-1995San Antonio Spurs
32.2%
1971-1972Milwaukee Bucks
31.4%
1979-1980Boston Celtics
31.4%
1995-1996Orlando Magic
30.2%
1972-1973Milwaukee Bucks / Los Angeles Lakers
29.3%
2003-2004Indiana Pacers
28.9%
2002-2003Dallas Mavericks
28.5%
1974-1975Boston Celtics / Washington Bullets (Washington Wizards)
28.5%
1966-1967Boston Celtics
28.1%
1998-1999Utah Jazz
28.1%
1992-1993New York Knicks
28.1%
1967-1968Philadelphia 76ers
27.7%
1996-1997Miami Heat
26.4%
1994-1995Utah Jazz
26.4%
1949-1950Syracuse Nationals (Philadelphia 76ers)
22.3%
1980-1981Milwaukee Bucks
21.1%
1949-1950Rochester Royals (Sacramento Kings)
19%
1948-1949Rochester Royals (Sacramento Kings)
18.6%
1946-1947Washington Capitols (defunct)
11.2%

You're not logged in!

Compare scores with friends on all Sporcle quizzes.
Join for Free
OR
Log In

You Might Also Like...

Show Comments

Extras

Top Quizzes Today


Score Distribution

Your Account Isn't Verified!

In order to create a playlist on Sporcle, you need to verify the email address you used during registration. Go to your Sporcle Settings to finish the process.

Report this User

Report this user for behavior that violates our Community Guidelines.

Details: